00361pab a2200121 454500008004000000100001900040245008900059260000900148300001400157362000800171650002300179773003700202180718b2006 xxu||||| |||| 00| 0 eng d aPalmer, Donald aTaking stock of the criteria we use to evaluate one another's work: ASQ 50 years out c2006 ap.535-59. aDec aEvaluation methods aAdministrative Science Quarterly